00822cam a2200253 a 450000100100000000500170001000800410002702000150006804000350008308200210011810000390013924500390017826000370021730000210025449000210027565000260029665000290032283000280035191000340037991000070041304900090042095201240042999900150055300000790420240306164224.0890505s1987 sp 000 f spa c a8432205761 aDO-SdBNPcICUdICUdDLCdBNPHU aPe863.44bV297ha1 aVargas Llosa, Mario,d1936-91256713aEl hablador /cMario Vargas Llosa. aBarcelona :bSeix Barral,c1987. a237 p. ;c21 cm.1 aBiblioteca breve 4aNovela peruana912569 4aLiteratura peruana93140 0aBiblioteca breve913442 aCatalogación por copia / LC aWM aBNGR 001054708MOaGRbGRcHDd2009-09-11iLF1l0oPe863.44 V297hap7904-10r2020-06-25w2020-06-25y4ZPréstamo en sala c7682d7682